EL Cálculo

Bibliographic Details
Main Author: Leithold, Louis
Format: Section = Libro
Language:Undetermined
Spanish
Published: México Oxford University Press 1998
Subjects:
LEADER 00529nam a2200205Ia 4500
008 241007s9999||||xx |||||||||||||| ||und||
020 |a 970-613-182-5 
040 |a BIBLIOTECA-RURC/ 515 L5367 
041 |a spa 
082 |a 515 L5367 
100 1 |a Leithold, Louis 
245 1 0 |a EL Cálculo 
260 |a México  |b Oxford University Press  |c 1998 
300 |a 1360 p. :il. 
650 7 |a CÁLCULO Y GEOMETRÍA ANALÍTICA 
650 7 |b  DERIVADAS 
650 7 |c  NTEGRALES DEFINIDAS. 
942 |c BK  |2 ddc 
991 |a TEXTO 
999 |c 14347